000 00676nas a2200241 4500
001 BR8803614
003 BR-BrBNA
005 20231205091156.0
007 ta
008 230509b bl.|||p| |||| 00| 00por d
040 _aBR-BrBNA
_bpor
_cBiblioteca Nacional de Agricultura
041 _a(Pt)
072 _aF01
100 1 _aTubelis, A.
100 1 _aSalibe, A.A.
245 1 _aPrevisao de colheita de laranja Hamlin em funcao das chuvas
650 _aLARANJA
650 _aCOLHEITA
650 _aPRODUCAO
773 0 _tLaranja (Brazil)
_xISSN 0102-1907
_g(Dec 1987), v. 2(8) p. 413-422
_wBR8803614
909 _a202311
_bLúcia
_c55
_dLúcia Elande
942 _2AGRIS
_n0
_cANA
999 _c123348
_d123348